00417pab a2200145 454500008004000000100002600040245005700066260000900123300001300132362000800145650001500153700002300168700002800191773005200219180718b2001 xxu||||| |||| 00| 0 eng d aKorac-Kakabadse, Nada aLeadership renewal: towards the philosophy of wisdom c2001 ap.207-27 aJun aLeadership aKouzmin, Alexander aKorac-Kakabadse, Andrew aInternational Review of Administrative Sciences